رواية الحديث عند الاباضية : دراسة مقارنة /
Saved in:
| Main Author: | |
|---|---|
| Other Authors: | |
| Format: | Unknown |
| Language: | Arabic |
| Published: |
[Jordan] :
Jami'at Al al-Bayt,
1998
|
| Subjects: | |
| Tags: |
Add Tag
No Tags, Be the first to tag this record!
|
| LEADER | 016360000a22003130004500 | ||
|---|---|---|---|
| 001 | 489110 | ||
| 005 | 20100423095200.0 | ||
| 008 | s1998 jo f m 0ara d | ||
| 035 | |a (Sirsi) 489110 | ||
| 040 | |a UIAM |b eng | ||
| 041 | |a ara | ||
| 050 | |a BP195.I32 | ||
| 100 | 1 | |a بوسعيدي، صالح بن احمد بن سيف | |
| 242 | 1 | 0 | |a Riwayat al-hadith 'inda al-Ibadiyah : |b dirasah muqaranah |
| 245 | 1 | 0 | |a رواية الحديث عند الاباضية : |b دراسة مقارنة / |c إعداد، صالح بن احمد بن سيف البوسعيدي؛ الإشرف صديق محمد مقبول، فاروق عمر فوزي |
| 260 | |a [Jordan] : |b Jami'at Al al-Bayt, |c 1998 | ||
| 300 | |a viii, 158 leaves ; |c 30 cm. | ||
| 500 | |a "ق"قدةت هذه الرسالة استكمالا لمتطلبات الحصول على درجة الماجستير في الحديث الشريف وعاومه في كاية الدراسات الفقهية في جامعة ال البيت "On t.p. | ||
| 500 | |a Abstract in English and Arabic. | ||
| 596 | |a 1 | ||
| 650 | |a Ibadiyah | ||
| 650 | |a Hadith |x Authorities | ||
| 655 | |a Theses, Facsimile edition (Islamic) | ||
| 700 | |a Bu ٍSa'idi, Salih ibn Ahmad ibn Sayf | ||
| 710 | |a جامعة آل البيت. |b كلية الدراسات الفقهية والقانونية | ||
| 710 | |a Jami'at Al al-Bayt. |b Kulliyat al-Dirasat al-Fiqhiyah wa al-Qanuniyah | ||
| 900 | |a arf-ami | ||
| 999 | |c 432712 |d 464813 | ||
| 952 | |0 0 |6 TI BP 000195 I32 B976R 1998 |7 0 |8 THESES |9 753715 |a IIUM |b IIUM |c MULTIMEDIA |g 240.00 |o ti BP 195 I32 B976R 1998 |p 00011170470 |r 2017-10-23 |t 1 |v 240.00 |y THESIS | ||
